Bài tập ngữ văn 11 nâng cao
Sách là tài liệu tham khảo giúp giáo viên, học sinh trung học phổ thông có thêm tư liệu để dạy và học tốt hơn bộ môn Ngữ văn.
Đã lưu trong:
| 主要作者: | |
|---|---|
| 格式: | 圖書 |
| 語言: | Undetermined |
| 出版: |
Hà Nội
Giáo dục
2008
|
| 主題: | |
| 標簽: |
添加標簽
沒有標簽, 成為第一個標記此記錄!
|
| Thư viện lưu trữ: | Trung tâm Học liệu Trường Đại học Cần Thơ |
|---|
| LEADER | 00806nam a2200217Ia 4500 | ||
|---|---|---|---|
| 001 | CTU_182380 | ||
| 008 | 210402s9999 xx 000 0 und d | ||
| 020 | |c 7200 | ||
| 082 | |a 495.922076 | ||
| 082 | |b S550/T.1 | ||
| 100 | |a Trần, Đình Sử | ||
| 245 | 0 | |a Bài tập ngữ văn 11 nâng cao | |
| 245 | 0 | |c Trần Đình Sử chủ biên | |
| 260 | |a Hà Nội | ||
| 260 | |b Giáo dục | ||
| 260 | |c 2008 | ||
| 520 | |a Sách là tài liệu tham khảo giúp giáo viên, học sinh trung học phổ thông có thêm tư liệu để dạy và học tốt hơn bộ môn Ngữ văn. | ||
| 650 | |a Vietnamese language | ||
| 650 | |x Study and teaching (Secondary) | ||
| 904 | |i Bằng | ||
| 980 | |a Trung tâm Học liệu Trường Đại học Cần Thơ | ||